Venha conhecer um Algarve diferente (Registo nº 1550)

Detalhes MARC
000 -Etiqueta do registo
Cabeçalho 00776nam0a2200241 4500
005 - Identificador da versão
Campo de controlo 20240813121839.0
021 ## - Número do Depósito Legal
Código do país PT
Número 390252/15
100 ## - Dados gerais de processamento
Dados gerais de processamento 20151022d2015 a y0pory5003 ba
102 ## - Pais de publicação ou produção
País de publicação Portugal
101 0# - Língua de publicação
Língua do texto, banda sonora, etc. Português
215 ## - Descrição física 
Indicação específica da natureza do documento e extensão da espécie 232 p.
Outras indicações físicas fot.
Material acompanhante 19 mapas desdobr
200 1# - Titulo e menção de responsabilidade
Título próprio Venha conhecer um Algarve diferente
Título paralelo Visit a different Algarve
Informação de outro título via algarviana
Primeira menção de responsabilidade textos [de] Anabela Santos
210 ## - Publicação, Distribuição, etc. 
Lugar da edição, distribuição, etc. Loulé
Nome do editor, distribuidor, etc. Almargem
Data da publicação, distribuição, etc. D. L. 2015
305 ## - Notas relativas à edição e história bibliográfica da publicação 
Texto da nota Edição bilingue
307 ## - Notas relativas a descrição física 
Texto da nota Contém mapas ilustrados de percursos pedestres da via algarviana em folha desdobrável
606 ## - Nome comum usado como assunto
Número de registo de entrada de autoridade 0002634
Código do sistema CA
675 ## - Classificação Decimal Universal (CDU)
Notação 908(469.6)
Edição 3ª ed.
Língua da edição por
700 #1 - Nome de autor-pessoa física (responsabilidade principal)
Número de registo de entrada de autoridade 0002635
Palavra de ordem Santos
Outra parte do nome não tomada para palavra de ordem Anabela
966 ## - Identificação da Biblioteca
Sigla EB2,3ENM
942 ## - Elementos de entrada adicionados (Koha)
Tipo de item no Koha Livro
Exemplares
Situação do levantamento Origin of item (home branch) (coded) Biblioteca de empréstimo Código de barras Cota Circulation type (not for loan) Tipo de documento Nota do exemplar Damaged status
  Biblioteca Escolar Eng. Nuno Mergulhão Biblioteca Escolar Eng. Nuno Mergulhão BENM3677 908 SAN   Livro Sem mensagem